WR jaartallen - havo 5 SE2 - Statistieken

Algemene statistieken
  • Deze quiz is 1.610 keer genomen
    931 sinds de laatste reset
  • De gemiddelde score is 19 van 31
Antwoordstatistieken
Hint Antwoord % Correct
Columbus ontdekt Amerika 1492
92%
Einde Eerste Wereldoorlog 1918
72%
Verdrag van Versailles 1919
71%
Pilgrim Fathers stichten hun nederzetting 1620
70%
Factory Acts / Britten schaffen slavernij af 1833
70%
Dawesplan wordt ingevoerd 1924
69%
Rijksdagbrand - machtigingswet 1933
69%
Duitse inval van Polen 1939
69%
Oprichting van de East India Company 1600
67%
Amerikaanse beurskrach - einde Dawesplan 1929
67%
Reform Bill 1832
65%
Conferentie van München 1938
65%
Eerste succesvolle Britse expeditie naar Amerika 1585
64%
Begin Amerikaanse Revolutie 1776
64%
Verdrag van Allahabad 1765
63%
Duitse inval van Nederland (maand en jaar) mei 1940
61%
Groot-Brittannië heerst over een kwart van de wereldbevolking 1900
60%
Duitsland geeft zich over (maand en jaar) mei 1945
60%
Victoria wordt keizerin van India 1876
58%
Britten schaffen de slavenhandel af 1807
57%
Val van de Berlijnse Muur 1989
55%
Onstaan BRD en DDR 1949
53%
Eerste wereldtentoonstelling in Londen 1851
52%
Eenwording van Duitsland 1990
51%
Het Indian National Congress wordt opgericht 1885
49%
Bouw Berlijnse Muur 1961
49%
Opstand onder Indiase soldaten van het Brits-Indische Leger 1857
47%
Begin economische concurrentie met de Verenigde Staten en Duitsland 1870
47%
Protest in de DDR -> groter worden Stasi 1953
45%
Blokkade van Berlijn (twee jaartallen) 1948 1949
40%
De BRD en de DDR erkennen elkaar 1972
38%
Geen overeenkomende quizzen gevonden
Scoreverdeling
Procent van Mensen met Elke Score
Percentiel versus Aantal Correcte Antwoorden
Uw Scoregeschiedenis
U heeft deze quiz nog niet genomen sinds de laatste reset